000 00887cab a2200205 4500
001 ABS44222
008 090401t1991 xxu||||| |||| 00| 0 eng d
035 _a(Sirsi) u45932
041 _aeng
100 _aBerkeley, R.
245 _aRaising commercial property finance in a difficult market
260 _c1991
350 _a0
490 _aJournal of Property Finance
_v1 (4) Spring 1991, 523-529 (7)
520 _aLooks at the problems of raising finance for commercial property development projects in times of economic hardship with commercial property indemnity policies , share issues equity partipitation or mezzanine finance cited as popular ways of raising finance. Gives example of mezzanine finance methodology.
650 _aPROPERTY FINANCE
690 _aPROPERTY-COMMERCIAL PROPERTY-COMMERCIAL PROPERTY FINANCE AND INVESTMENT
942 _n0
948 _c04/03/1997
999 _c29060
_d29060